História Cronológica do meu Portugal (Registo nº 744)

Detalhes MARC
000 -Etiqueta do registo
Cabeçalho 00720nam0a22003011 4500
005 - Identificador da versão
Campo de controlo 20240813121812.0
010 ## - Número internacional normalizado dos livros (ISBN)
Número (ISBN) 9895570635
021 ## - Número do Depósito Legal
Código do país PT
Número 203 766/03
035 ## - Other System Control Numbers
System Control Number 0000814
System Control Number 0000809
System Control Number 0000802
System Control Number 0000790
100 ## - Dados gerais de processamento
Dados gerais de processamento 20071204d2003 a e0pory5003 ba
102 ## - Pais de publicação ou produção
País de publicação Portugal
101 0# - Língua de publicação
Língua do texto, banda sonora, etc. Português
Língua do documento no original Português
106 ## - Campo de dados codificados: material textual
Dados codificados do material textual r
105 ## - Campo de dados codificados: livros
Dados codificados dos livros a z 001yy
215 ## - Descrição física 
Indicação específica da natureza do documento e extensão da espécie 69 p.
Outras indicações físicas il.
Dimensões cm
200 1# - Titulo e menção de responsabilidade
Título próprio História Cronológica do meu Portugal
Primeira menção de responsabilidade Carlos Letra
Outras menções de responsabilidade il. Martinho Dias
205 ## - Menção da edição
Menção da edição 4ª ed.
210 ## - Publicação, Distribuição, etc. 
Lugar da edição, distribuição, etc. Vila Nova de Gaia
Nome do editor, distribuidor, etc. Gailivro
Data da publicação, distribuição, etc. 2006
702 #1 - Nome de autor-pessoa física (responsabilidade secundária)
Número de registo de entrada de autoridade 0001031
Código de função Ilustrador / Técnico de desenho computorizado
701 #1 - Nome de autor-pessoa física (co-responsabilidade principal)
Código de função Ilustrador / Técnico de desenho computorizado
942 ## - Elementos de entrada adicionados (Koha)
Tipo de item no Koha Livro
Exemplares
Situação do levantamento Origin of item (home branch) (coded) Biblioteca de empréstimo Código de barras Cota Circulation type (not for loan) Tipo de documento Nota do exemplar Damaged status
  Biblioteca Escolar Eng. Nuno Mergulhão Biblioteca Escolar Eng. Nuno Mergulhão BENM1334 9PT LET   Livro Sem mensagem